000 00422nam a22001457a 4500
005 20260305121434.0
008 260305b |||||||| |||| 00| 0 eng d
020 _a9781566764872 (pbk)
040 _cPK-LaUMT
082 _a612.39
_bFUN-
245 _aFunctional foods :
_bbiochemical & processing aspects /
_cedited by G. Mazza
260 _aBoca Raton :
_bTaylor & Francis Group,
_c1998
300 _a460 p.
942 _cBK
999 _c140004
_d140004